| 000 | 00641nam a2200145Ia 4500 | ||
|---|---|---|---|
| 008 | 170221s9999 xx 000 0 und d | ||
| 100 | _aAsya E. Eroyanv | ||
| 245 | _aSpatial-economic and Geopolitical Interests of Russia, The USA and China in Central Asia: Competition, Coincidence of Wants and Strategies in a Changing World | ||
| 245 | _cAsya E. Eroyan, Eugeny P. Kolpak, Svetlana F. Litvinova, Nikolay P. Gusakov, Sergey V. Ryazantsev | ||
| 260 | _bInternational Review of Management and Marketing | ||
| 260 | _c2016 | ||
| 300 | _a6 : 6S | ||
| 650 | _xMarketing. | ||
| 856 | _uhttp://www.econjournals.com/index.php/irmm/issue/view/86 | ||
| 999 |
_c308480 _d308480 |
||